Regions of Italy - Sudden death - Statistics

General Stats
  • This quiz has been taken 222 times
  • The average score is 13 of 20
Answers on the Grid
Answers color-coded by a green-red scale on the quiz's grid according to % correct below.
Sicily
Sardinia
Tuscany
Lombardy
Piedmont
Aosta Valley
Apulia
Veneto
Lazio
Emilia-Romagna
Calabria
Liguria
Trentino-Alto Adige
Abruzzo
Umbria
Campania
Friuli-Venezia Giulia
Marche
Basilicata
Molise
Naples
Salerno
Mount Athos
San Marino
Istria
Syracuse
Ticino
Grisons
Genoa
Alexandria
Modena
Luca
Fiume
Capodistria
Dalmatia
Ragusa
Savoy
Verbano-Cusio-Ossola
Padania
 
Answer Stats
Answer % Correct
Lombardy
80%
Sicily
78%
Sardinia
77%
Tuscany
76%
Emilia-Romagna
75%
Campania
69%
Piedmont
69%
Calabria
67%
Liguria
67%
Lazio
64%
Umbria
64%
Veneto
63%
Aosta Valley
60%
Apulia
59%
Trentino-Alto Adige
59%
Abruzzo
57%
Friuli-Venezia Giulia
56%
Marche
51%
Basilicata
49%
Molise
47%
No matching quizzes found
Score Distribution
Percent of People with Each Score
Percentile by Number Answered
Your Score History
You have not taken this quiz